|
|
|
|
| LEADER |
00000nam a2200000 a 4500 |
| 001 |
vtls010033170 |
| 003 |
SK-MaSNL |
| 005 |
20260301131012.0 |
| 008 |
251120s2009 xo j f000 0 slo |
| 013 |
|
|
|a 286857
|b gw
|c patent
|d 20090605
|e dátum nadobudnutia účinkov patentu (Vestník ÚPV SR č.: 6/2009)
|d 20090529
|e dátum sprístupnenia patentu
|d 20090806
|e dátum vydania opraveného patentového spisu (Oprava č. 1)
|
| 013 |
|
|
|a 1876-2001
|e číslo prihlášky
|d 20000609
|e dátum podania prihlášky
|d 20020604
|e dátum zverejnenia prihlášky (Vestník ÚPV SR č.: 06/2002)
|
| 013 |
|
|
|a 199 28 424.5, 100 06 297.0
|e číslo prioritnej prihlášky
|d 19990623, 20000212
|e dátum podania prioritnej prihlášky
|b DE, DE
|e kód krajiny prioritnej prihlášky
|
| 015 |
|
|
|a SNBN2015
|
| 040 |
|
|
|a SNK
|b slo
|c SNK
|e AACR2
|
| 041 |
0 |
|
|a slo
|
| 044 |
|
|
|a xo
|c SK
|
| 072 |
|
7 |
|a 547
|x Organická chémia
|2 konspekt
|
| 072 |
|
7 |
|a 615
|x Farmácia. Farmakológia
|2 konspekt
|
| 080 |
|
|
|a 547
|2 2001
|
| 080 |
|
|
|a 615.45
|2 2001
|
| 084 |
|
|
|a C07D 401/00
|2 IPC
|
| 084 |
|
|
|a A61K 31/415
|2 IPC
|
| 084 |
|
|
|a A61P 29/00
|2 IPC
|
| 084 |
|
|
|a C07D 471/00
|2 IPC
|
| 084 |
|
|
|a C07D 413/00
|2 IPC
|
| 245 |
0 |
0 |
|a Substituované benzimidazoly, spôsob ich prípravy, ich použitie a liečivo, ktoré ich obsahuje
|c Olaf Ritzeler ... [et al.] ; patent. zást. Dagmar Čechvalová
|
| 260 |
|
|
|a [Banská Bystrica]
|b Úrad priemyselného vlastníctva SR
|c [2009]
|
| 300 |
|
|
|a 68 s.
|b tab.
|c 30 cm
|
| 650 |
0 |
7 |
|a organická chémia
|2 SNKPH
|9 851
|
| 650 |
0 |
7 |
|a liečivé prípravky
|2 SNKPH
|9 84057
|
| 650 |
0 |
7 |
|a Organic chemistry
|2 SNKPHeng
|9 265251
|
| 650 |
0 |
7 |
|a Pharmaceutical preparations
|2 SNKPHeng
|9 303429
|
| 655 |
|
7 |
|a patenty
|2 SNKPH
|9 177343
|
| 655 |
|
7 |
|a patent licenses
|2 SNKPHeng
|9 303430
|
| 700 |
1 |
|
|a Stilz, Hans Ulrich
|4 org
|9 324074
|
| 700 |
1 |
|
|a Neises, Bernhard
|4 org
|9 324075
|
| 700 |
1 |
|
|a Čechvalová, Dagmar
|4 oth
|9 305714
|
| 700 |
1 |
|
|a Bock, William Jerome,
|c ml.
|4 org
|9 479643
|
| 700 |
1 |
|
|a Walser, Armin
|4 org
|9 323108
|
| 700 |
1 |
|
|a Flynn, Gary A.
|4 org
|9 479644
|
| 700 |
1 |
|
|a Ritzeler, Olaf
|4 org
|9 324078
|
| 710 |
2 |
|
|a Sanofi-Aventis Deutschland GmbH (Frankfurt, Nemecko)
|4 pth
|9 320986
|
| 999 |
|
|
|c 746463
|d 748393
|
| 952 |
|
|
|a SNK
|b SNK
|y PREZ
|7 0
|p 17A1079809
|o snkSK 286857
|i snk2015/28783
|8 0
|0 0
|1 0
|4 0
|d 2015-10-14
|l 0
|r 2026-02-23 23:18:31
|w 2026-02-23
|
| 952 |
|
|
|a SNK
|b SNK
|y PREZ
|7 0
|p 17A1174514
|o snkSK 286857/OL
|i snk2015/30889
|8 0
|z Opravný list: Oprava č.: 1
|0 0
|1 0
|4 0
|d 2015-11-11
|l 0
|r 2026-02-23 23:18:31
|w 2026-02-23
|